UK Cities Quiz - Statistics

General Stats
  • This quiz has been taken 37 times
  • The average score is 42 of 69
Answer Stats
City % Correct
Birmingham
100%
Liverpool
100%
London
97%
Manchester
97%
Aberdeen
94%
Edinburgh
94%
Glasgow
94%
Cardiff
91%
Newcastle-upon-Tyne
91%
Leeds
88%
Bristol
85%
Norwich
85%
Oxford
85%
Plymouth
85%
Cambridge
82%
Leicester
82%
Southampton
82%
Derby
79%
Inverness
79%
Nottingham
79%
Portsmouth
79%
Sheffield
79%
Belfast
76%
Swansea
76%
Bradford
73%
Brighton
73%
Dundee
73%
York
73%
Chester
67%
Coventry
67%
Kingston-upon-Hull
67%
Exeter
64%
Lincoln
64%
Wolverhampton
64%
Bath
61%
Derry / Londonderry
61%
Sunderland
61%
Carlisle
58%
Canterbury
55%
Preston
55%
Winchester
55%
Hereford
52%
Worcester
52%
Durham
48%
Gloucester
48%
Lancaster
48%
Perth
48%
Salisbury
48%
Truro
48%
Stirling
45%
Stoke-on-Trent
42%
Chichester
39%
Ely
39%
St. Albans
39%
Chelmsford
36%
Newport
36%
Peterborough
36%
St. David's
36%
Westminster
36%
Armagh
33%
Bangor
33%
Wells
33%
St. Asaph
30%
Wakefield
30%
Lichfield
27%
Salford
27%
Newry
24%
Ripon
24%
Lisburn
15%
No matching quizzes found
Score Distribution
Percent of People with Each Score
Percentile by Number Answered
Your Score History
You have not taken this quiz